26 najludniejszych państw świata - Statystyki

Ogólne statystyki
  • Ten quiz został rozwiązany 15 razy
  • Średni wynik to 15 z 26
Statystyki odpowiedzi
Hint Odpowiedź % Poprawnych
207mln Ameryka Południowa Brazylia
92%
1.400mld Azja Indie
92%
332mln Ameryka pónocna Usa
92%
114mln afryka/Azja Egipt
83%
66mln Europa Francja
83%
281mln Azja/Oceania Indonezja
83%
84mln Europa Niemcy
75%
220mln Afryka Nigeria
75%
144mln Azja/Europa Rosja
75%
87mln Azja/Europa Turcja
75%
1.300mld Azja Chiny
58%
129mln Ameryka pónocna Meksyk
58%
68mln Europa Wielka Brytania
58%
57mln Azja Mjanma
50%
174mln Azja Bangladesz
42%
128mln afryka Etiopia
42%
123mln azja Japonia
42%
69mln afryka Tanzania
42%
63mln Europa Włochy
42%
105mln Afryka Drk
33%
65mln Afryka RPA
33%
70mln Azja Tajlandia
33%
101mln Azja Wietnam
33%
115mln Azja Filipiny
25%
92mln Azja Iran
17%
247mln Azja Pakistan
17%
Nie znaleziono quizów pasujących do podanych kryteriów
Rozkład punktacji
Procent ludzi z każdym wynikiem
Percentyl według liczby udzielonych odpowiedzi
Twoja historia wyników
Nie rozwiązałeś tego quizu